000 01530nam a22002535i 4500
001 165310
003 ES-MaACL
005 20250824210708.0
008 971205s1916 sp |||| |dspa d
040 _aNA
_bspa
_cNA
100 1 _aShakespeare, William,
_d1564-1616
_9105992
245 1 0 _aObras completas /
_cW. Shakespeare ; prólogo de Víctor Hugo ; traducción de R. Martínez Lafuente.
260 _aValencia :
_bPrometeo,
_c[1916?]
300 _a8 v. ;
_c18 cm.
490 1 _aLibros célebres españoles y extranjeros. Clásicos ingleses
505 8 _aContiene : I. William Shakespeare / por Víctor Hugo ; Hamlet, príncipe de Dinamarca ; Los dos hidalgos de Verona -- II. Otelo, el moro de Venecia ; Medida por medida ; Cuento de invierno -- III. Romeo y Julieta ; Bien está lo que bien acaba ; Comedia de equivocaciones -- IV. El mercader de Venecia ; Penas de amor perdidas ; Cimbelino -- V. Macbeth ; Troilo y Crésida ; El rey Enrique VIII -- VI. El rey Lear ; Coriolano ; Como gusteis -- VII. La fiera domada ; La duodécima noche ; mucho ruido para nada -- VIII. Sueño de una noche de verano ; La tempestad ; Los alegres comadres de Windsor
510 4 _aFecha de pie de imprenta tomada de Palau,
_cT. XXI, 311542
700 1 _aHugo, Victor,
_d1802-1885
_964627
700 1 _aMartínez Lafuente, R.
_978169
830 0 0 _aLibros célebres españoles y extranjeros (Prometeo)
_9222846
852 _aES-MaACL
_jF-4141-48
_z-- Enc. hol.
999 _c165310
_d165310